[Event "Ontario op"]
[Site "Ottawa CAN"]
[Date "2009.05.17"]
[Round "4"]
[White "Davies, Alex"]
[Black "Barron, Michael"]
[Result "1-0"]
[WhiteElo "2233"]
[BlackElo "2377"]
[PlyCount "89"]
[GameId "2160767910156655"]
[EventDate "2009.05.16"]
[EventType "swiss"]
[EventRounds "6"]
[EventCountry "CAN"]
[SourceTitle "EXT 2011"]
[Source "ChessBase"]
[SourceDate "2011.11.26"]
[SourceVersion "1"]
[SourceVersionDate "2011.11.26"]
[SourceQuality "1"]

1. e4 e5 2. Nf3 Nc6 3. Bc4 Bc5 4. d3 Nf6 5. O-O O-O 6. c3 d5 7. exd5 Nxd5 8. Re1 Bg4 9. h3 Bxf3 10. Qxf3 Nb6 11. Bb5 Qf6 12. Qxf6 gxf6 13. Nd2 Rfd8 14. Nb3 Bf8 15. Be3 a6 16. Bxc6 bxc6 17. Rad1 Nd5 18. Na5 Nxe3 19. fxe3 Rd5 20. Nxc6 a5 21. d4 exd4 22. exd4 Ra6 23. Ne7+ Bxe7 24. Rxe7 c5 25. Rc7 Rad6 26. Ra7 cxd4 27. Rxd4 Rxd4 28. cxd4 Rd5 29. b3 Kg7 30. Kf2 Rxd4 31. Rxa5 Rd2+ 32. Kg3 Kg6 33. b4 f5 34. a4 Rd3+ 35. Kf2 Rd2+ 36. Kf3 Rd3+ 37. Ke2 Rg3 38. Kf2 Rb3 39. b5 Kg5 40. Ra8 Kf4 41. Rb8 Rb2+ 42. Kg1 Rb4 43. a5 Kg3 44. Rg8+ Kf4 45. a6 1-0

[Event "Ontario op"]
[Site "Ottawa CAN"]
[Date "2009.05.17"]
[Round "4"]
[White "Ferreira, Alex"]
[Black "Doubleday, William"]
[Result "0-1"]
[WhiteElo "2066"]
[BlackElo "2197"]
[PlyCount "58"]
[GameId "2160767910156656"]
[EventDate "2009.05.16"]
[EventType "swiss"]
[EventRounds "6"]
[EventCountry "CAN"]
[SourceTitle "EXT 2011"]
[Source "ChessBase"]
[SourceDate "2011.11.26"]
[SourceVersion "1"]
[SourceVersionDate "2011.11.26"]
[SourceQuality "1"]

1. e4 c5 2. Nf3 Nc6 3. d4 cxd4 4. Nxd4 Nf6 5. Nc3 d6 6. Be2 e5 7. Nf3 h6 8. O-O Be7 9. Bc4 Be6 10. Bxe6 fxe6 11. Nh4 g5 12. Ng6 Rg8 13. Nxe7 Qxe7 14. a3 O-O-O 15. b4 Kb8 16. Be3 b6 17. Qe2 d5 18. Bd2 Nd4 19. Qa6 Nxc2 20. Ra2 Nd4 21. a4 Qb7 22. Qd3 dxe4 23. Qb1 Nf5 24. Qb3 Rge8 25. Rfa1 a6 26. Qc4 Rd4 27. Qb3 Rd3 28. b5 a5 29. Qc4 Nd4 0-1

[Event "Ontario op"]
[Site "Ottawa CAN"]
[Date "2009.05.17"]
[Round "4"]
[White "Gordon, David"]
[Black "Sadeghi, Saeid"]
[Result "0-1"]
[WhiteElo "2248"]
[BlackElo "2067"]
[PlyCount "70"]
[GameId "2160767910156658"]
[EventDate "2009.05.16"]
[EventType "swiss"]
[EventRounds "6"]
[EventCountry "CAN"]
[SourceTitle "EXT 2011"]
[Source "ChessBase"]
[SourceDate "2011.11.26"]
[SourceVersion "1"]
[SourceVersionDate "2011.11.26"]
[SourceQuality "1"]

1. d4 Nf6 2. Bg5 e6 3. Nd2 h6 4. Bh4 d5 5. e3 Be7 6. Bd3 b6 7. Qe2 Bb7 8. c3 Nbd7 9. f4 Ne4 10. Bxe7 Qxe7 11. Ngf3 Ndf6 12. Ne5 a6 13. a4 Nxd2 14. Qxd2 Ne4 15. Bxe4 dxe4 16. a5 b5 17. O-O g6 18. c4 bxc4 19. Rfc1 Bd5 20. Nxc4 O-O 21. Ne5 Rfc8 22. Rc5 Rab8 23. b4 c6 24. Rac1 Qe8 25. Qc3 Rb7 26. Kf2 Rcb8 27. Nxc6 Bxc6 28. Rxc6 Rxb4 29. Rxa6 Qb5 30. Ra7 Rb2+ 31. Rc2 Qd3 32. Rc7 R8b3 33. Qxb2 Qxe3+ 34. Kf1 Rxb2 35. Rxb2 Qxf4+ 0-1

[Event "Ontario op"]
[Site "Ottawa CAN"]
[Date "2009.05.17"]
[Round "4"]
[White "Sambuev, Bator"]
[Black "Pacey, Kevin"]
[Result "1-0"]
[WhiteElo "2622"]
[BlackElo "2319"]
[PlyCount "97"]
[GameId "2160767910156659"]
[EventDate "2009.05.16"]
[EventType "swiss"]
[EventRounds "6"]
[EventCountry "CAN"]
[SourceTitle "EXT 2011"]
[Source "ChessBase"]
[SourceDate "2011.11.26"]
[SourceVersion "1"]
[SourceVersionDate "2011.11.26"]
[SourceQuality "1"]

1. e4 e5 2. Nf3 Nc6 3. Bc4 Nf6 4. d3 Bc5 5. c3 O-O 6. Bb3 d6 7. Bg5 Qe7 8. Nbd2 Bb6 9. Nf1 Be6 10. Ne3 Bxe3 11. fxe3 Bxb3 12. axb3 Qe6 13. O-O Nd7 14. b4 a6 15. Qe1 f6 16. Bh4 Ne7 17. Qe2 d5 18. Nd2 Rae8 19. g4 c6 20. Rf2 Nb6 21. Bg3 Nbc8 22. Nb3 Nd6 23. Nc5 Qc8 24. g5 fxg5 25. Rxf8+ Rxf8 26. Bxe5 Nf7 27. Bg3 b6 28. Nb3 dxe4 29. dxe4 Qe6 30. Nd2 b5 31. Rxa6 Rd8 32. Ra1 Ng6 33. Rf1 g4 34. Bc7 Rd7 35. Bb6 Ng5 36. Bd4 Nh4 37. e5 Nhf3+ 38. Kh1 Rf7 39. Ra1 Rf8 40. e4 Nh3 41. Bc5 Qh6 42. Bxf8 Nf4 43. Qf2 Nd3 44. Qg2 Nf4 45. Bxg7 Qh5 46. Qg3 Ne2 47. Qf2 g3 48. Qxe2 g2+ 49. Qxg2 1-0

[Event "Ontario op"]
[Site "Ottawa CAN"]
[Date "2009.05.17"]
[Round "4"]
[White "Sapozhnikov, Roman"]
[Black "Filipovich, David"]
[Result "1-0"]
[WhiteElo "2356"]
[BlackElo "2241"]
[PlyCount "115"]
[GameId "2160767910156660"]
[EventDate "2009.05.16"]
[EventType "swiss"]
[EventRounds "6"]
[EventCountry "CAN"]
[SourceTitle "EXT 2011"]
[Source "ChessBase"]
[SourceDate "2011.11.26"]
[SourceVersion "1"]
[SourceVersionDate "2011.11.26"]
[SourceQuality "1"]

1. e4 c6 2. d4 d5 3. e5 Bf5 4. Nf3 e6 5. Be2 Nd7 6. O-O Ne7 7. Nbd2 h6 8. b3 c5 9. Bb2 Nc6 10. dxc5 Bxc5 11. a3 O-O 12. b4 Bb6 13. c4 Bc7 14. cxd5 exd5 15. b5 Ncxe5 16. Nd4 Bd3 17. f4 Bxe2 18. Qxe2 Ng6 19. f5 Nge5 20. N2f3 Re8 21. Nxe5 Bxe5 22. Qf2 Qf6 23. Rfe1 Nc5 24. Rxe5 Qxe5 25. Ne6 Nd3 26. Bxe5 Nxf2 27. Nc7 Rxe5 28. Nxa8 Ne4 29. Rc1 Rxf5 30. Rc8+ Kh7 31. Rd8 Nc3 32. g4 Rg5 33. Nc7 Rxg4+ 34. Kf2 Rh4 35. Kg3 Ra4 36. Rb8 Rxa3 37. Kf4 b6 38. Ke5 Rb3 39. Rf8 Nxb5 40. Nxd5 Rf3 41. h4 Nc3 42. Ne7 a5 43. Nf5 Kg6 44. h5+ Kxh5 45. Rxf7 g6 46. Ng7+ Kg4 47. Rb7 b5 48. Rb6 g5 49. Rxh6 a4 50. Rc6 b4 51. Ne6 b3 52. Rb6 a3 53. Rb4+ Kg3 54. Rxb3 a2 55. Ra3 g4 56. Nc5 Kf2 57. Na4 Re3+ 58. Kf5 1-0

[Event "Ontario op"]
[Site "Ottawa CAN"]
[Date "2009.05.17"]
[Round "4"]
[White "Upper, John"]
[Black "Kirby, Patrick"]
[Result "1-0"]
[WhiteElo "2098"]
[BlackElo "2220"]
[PlyCount "85"]
[GameId "2160767910156661"]
[EventDate "2009.05.16"]
[EventType "swiss"]
[EventRounds "6"]
[EventCountry "CAN"]
[SourceTitle "EXT 2011"]
[Source "ChessBase"]
[SourceDate "2011.11.26"]
[SourceVersion "1"]
[SourceVersionDate "2011.11.26"]
[SourceQuality "1"]

1. d4 d5 2. Nf3 Nc6 3. Bf4 Bg4 4. Nbd2 e6 5. c3 Bd6 6. Bxd6 cxd6 7. Qb3 Qe7 8. e3 Nf6 9. c4 O-O 10. cxd5 Nxd5 11. Be2 Rfc8 12. O-O Nf6 13. Rfc1 d5 14. Bb5 Rab8 15. Qa4 Nd7 16. Bxc6 bxc6 17. Qxa7 f6 18. b3 e5 19. dxe5 fxe5 20. Qa4 Bxf3 21. Nxf3 c5 22. e4 Nb6 23. Qa6 dxe4 24. Nd2 e3 25. fxe3 Qg5 26. Re1 Kh8 27. Rad1 Qh4 28. Nf3 Qf6 29. e4 h6 30. Rc1 Qe6 31. Rc2 Rg8 32. Qd3 Rgd8 33. Qc3 Nd7 34. Nd2 Rbc8 35. Nc4 Re8 36. Rd2 Rc6 37. Rd3 Ra6 38. a4 Re7 39. Red1 Qf7 40. Nd6 Qf4 41. Nf5 Rf6 42. g3 Qg4 43. Nxe7 1-0

[Event "Ontario op"]
[Site "Ottawa CAN"]
[Date "2009.05.18"]
[Round "5"]
[White "Barron, Michael"]
[Black "Filipovich, David"]
[Result "1/2-1/2"]
[WhiteElo "2377"]
[BlackElo "2241"]
[PlyCount "142"]
[GameId "2160767910156662"]
[EventDate "2009.05.16"]
[EventType "swiss"]
[EventRounds "6"]
[EventCountry "CAN"]
[SourceTitle "EXT 2011"]
[Source "ChessBase"]
[SourceDate "2011.11.26"]
[SourceVersion "1"]
[SourceVersionDate "2011.11.26"]
[SourceQuality "1"]

1. e4 c6 2. d4 d5 3. Nd2 dxe4 4. Nxe4 Nf6 5. Nxf6+ gxf6 6. g3 Qd5 7. Nf3 Bf5 8. Be3 e6 9. Bg2 Qc4 10. c3 Nd7 11. Nd2 Qa6 12. Bf1 Bd3 13. Bxd3 Qxd3 14. Qe2 Qf5 15. O-O h5 16. Qf3 Qxf3 17. Nxf3 Nb6 18. Rad1 O-O-O 19. Rfe1 Be7 20. h4 Rd5 21. Kf1 Rhd8 22. Ke2 Ra5 23. a3 Rb5 24. Bc1 Nc4 25. b4 Rbd5 26. a4 a5 27. bxa5 Rxa5 28. Rd3 Rxa4 29. Red1 Rd5 30. Ne1 Rb5 31. Ng2 Ra2+ 32. Kf1 Rf5 33. f4 Rb5 34. Ne3 Nxe3+ 35. Bxe3 Rbb2 36. R3d2 Rxd2 37. Rxd2 Rxd2 38. Bxd2 Kd7 39. Ke2 b5 40. Kd3 c5 41. dxc5 Bxc5 42. Be1 Bd6 43. c4 bxc4+ 44. Kxc4 e5 45. f5 Kc6 46. Bf2 Ba3 47. Be3 Bf8 48. Ba7 Bh6 49. Bc5 Bd2 50. Bf2 Ba5 51. Be3 Bc7 52. g4 hxg4 53. h5 Bd6 54. h6 Bf8 55. h7 Bg7 56. Bf2 Bh8 57. Be1 Kd6 58. Bb4+ Kc6 59. Bf8 g3 60. Bc5 g2 61. Bg1 Bg7 62. Bh2 Bh8 63. Kd3 Kd5 64. Ke3 Kd6 65. Kf3 Ke7 66. Kxg2 Kf8 67. Kf3 Kg7 68. Bg1 Kxh7 69. Be3 Bg7 70. Ke4 Bh6 71. Bc5 Bc1 1/2-1/2

[Event "Ontario op"]
[Site "Ottawa CAN"]
[Date "2009.05.18"]
[Round "5"]
[White "Doubleday, William"]
[Black "Davies, Alex"]
[Result "1/2-1/2"]
[WhiteElo "2197"]
[BlackElo "2233"]
[PlyCount "40"]
[GameId "2160767910156663"]
[EventDate "2009.05.16"]
[EventType "swiss"]
[EventRounds "6"]
[EventCountry "CAN"]
[SourceTitle "EXT 2011"]
[Source "ChessBase"]
[SourceDate "2011.11.26"]
[SourceVersion "1"]
[SourceVersionDate "2011.11.26"]
[SourceQuality "1"]

1. d4 Nf6 2. c4 g6 3. Nc3 Bg7 4. e4 O-O 5. Be2 d6 6. Nf3 Na6 7. O-O c6 8. h3 e5 9. Be3 exd4 10. Nxd4 Re8 11. Qc2 Nc5 12. Bf3 Qe7 13. Rad1 Nfxe4 14. Nxe4 Nxe4 15. Rfe1 Ng5 16. Be2 Ne6 17. Nf3 Nc5 18. Bf1 Bf5 19. Qc1 Qc7 20. b4 Nd7 1/2-1/2

[Event "Ontario op"]
[Site "Ottawa CAN"]
[Date "2009.05.18"]
[Round "5"]
[White "Ferreira, Alex"]
[Black "Upper, John"]
[Result "1/2-1/2"]
[WhiteElo "2065"]
[BlackElo "2098"]
[PlyCount "46"]
[GameId "2160767910156664"]
[EventDate "2009.05.16"]
[EventType "swiss"]
[EventRounds "6"]
[EventCountry "CAN"]
[SourceTitle "EXT 2011"]
[Source "ChessBase"]
[SourceDate "2011.11.26"]
[SourceVersion "1"]
[SourceVersionDate "2011.11.26"]
[SourceQuality "1"]

1. e4 e6 2. d4 d5 3. Nc3 Nf6 4. e5 Nfd7 5. f4 c5 6. Nf3 Nc6 7. Ne2 cxd4 8. Nexd4 Bc5 9. c3 Qb6 10. a3 a5 11. Rb1 a4 12. b4 axb3 13. Rxb3 Qa5 14. Bd2 Bxa3 15. Nb5 Be7 16. c4 Qd8 17. cxd5 exd5 18. Ng5 Bxg5 19. Nd6+ Kf8 20. fxg5 Ndxe5 21. Nxc8 Qxc8 22. Be2 Kg8 23. O-O Nd4 1/2-1/2

[Event "Ontario op"]
[Site "Ottawa CAN"]
[Date "2009.05.18"]
[Round "5"]
[White "Gordon, David"]
[Black "Gerzhoy, Leonid"]
[Result "1/2-1/2"]
[WhiteElo "2248"]
[BlackElo "2546"]
[PlyCount "159"]
[GameId "2160767910156665"]
[EventDate "2009.05.16"]
[EventType "swiss"]
[EventRounds "6"]
[EventCountry "CAN"]
[SourceTitle "EXT 2011"]
[Source "ChessBase"]
[SourceDate "2011.11.26"]
[SourceVersion "1"]
[SourceVersionDate "2011.11.26"]
[SourceQuality "1"]

1. d4 d5 2. Nf3 Nf6 3. c4 c6 4. Nc3 dxc4 5. e4 b5 6. e5 Nd5 7. a4 e6 8. axb5 Nxc3 9. bxc3 cxb5 10. Ng5 Bb7 11. Qh5 g6 12. Qg4 Be7 13. Be2 Bd5 14. Ne4 h5 15. Qf4 Nc6 16. Ra6 g5 17. Nxg5 Bxg5 18. Qxg5 Qxg5 19. Bxg5 b4 20. Bxc4 Bxc4 21. Rxc6 Bd5 22. Rc7 b3 23. Bc1 h4 24. f3 h3 25. g4 O-O 26. Kf2 Rfc8 27. Rxc8+ Rxc8 28. Bb2 a5 29. Ra1 Ra8 30. Kg3 a4 31. f4 Bg2 32. f5 Kf8 33. c4 Ke7 34. Ba3+ Kd7 35. Rd1 Kc6 36. Kf4 Rc8 37. d5+ Kb7 38. Rd4 exd5 39. cxd5 Rc2 40. e6 fxe6 41. dxe6 Bc6 42. f6 Rxh2 43. f7 Rf2+ 44. Kg3 h2 45. Kxf2 h1=Q 46. f8=Q Qh2+ 47. Ke3 Qe5+ 48. Kd3 Bb5+ 49. Kc3 Qe3+ 50. Kb4 Qxd4+ 51. Kxb5 Qb6+ 52. Kxa4 Qa6+ 53. Kxb3 Qxe6+ 54. Kc3 Qxg4 55. Qe7+ Kc6 56. Qd6+ Kb7 57. Qd5+ Kc7 58. Bd6+ Kd7 59. Bf4+ Ke8 60. Qe4+ Kf7 61. Kd2 Qd7+ 62. Ke3 Qh3+ 63. Kf2 Qh4+ 64. Kg2 Qg4+ 65. Kf1 Qh3+ 66. Ke1 Qh4+ 67. Ke2 Qg4+ 68. Kd2 Qd7+ 69. Ke1 Qg4 70. Qh7+ Ke6 71. Qe4+ Kf7 72. Qb7+ Kg6 73. Be3 Qg3+ 74. Bf2 Qe5+ 75. Kf1 Qf5 76. Qc6+ Kf7 77. Qc4+ Qe6 78. Qc7+ Qe7 79. Qc2 Qf6 80. Qh7+ 1/2-1/2

[Event "Ontario op"]
[Site "Ottawa CAN"]
[Date "2009.05.18"]
[Round "5"]
[White "Laurin, Marcel"]
[Black "Wilker, Marcus"]
[Result "1-0"]
[WhiteElo "1780"]
[BlackElo "1820"]
[PlyCount "77"]
[GameId "2160767910156666"]
[EventDate "2009.05.16"]
[EventType "swiss"]
[EventRounds "6"]
[EventCountry "CAN"]
[SourceTitle "EXT 2011"]
[Source "ChessBase"]
[SourceDate "2011.11.26"]
[SourceVersion "1"]
[SourceVersionDate "2011.11.26"]
[SourceQuality "1"]

1. d4 Nf6 2. c4 e6 3. a3 c5 4. d5 exd5 5. cxd5 d6 6. Nc3 g6 7. e4 Nbd7 8. Bb5 Bg7 9. Bf4 Qe7 10. Qe2 O-O 11. Nf3 a6 12. Bxd7 Nxd7 13. O-O b5 14. Rfe1 f6 15. h3 c4 16. Nd4 Nc5 17. Ncxb5 axb5 18. Nxb5 Nd3 19. Bxd6 Qd7 20. Bxf8 Bxf8 21. Nd4 Nxe1 22. Rxe1 Ba6 23. Qf3 Qe7 24. Nc6 Qd6 25. e5 fxe5 26. Rxe5 Bc8 27. Re8 Bg4 28. Rxf8+ Rxf8 29. Qxg4 Re8 30. Qd1 Rc8 31. Nb4 c3 32. bxc3 Rxc3 33. Qe1 Rxa3 34. Nc6 Rd3 35. g3 Kg7 36. Qa1+ Kh6 37. Ne5 Qxd5 38. Ng4+ Kg5 39. Qf6+ 1-0

[Event "Ontario op"]
[Site "Ottawa CAN"]
[Date "2009.05.18"]
[Round "5"]
[White "Pacey, Kevin"]
[Black "Torres, Aleksandr"]
[Result "1-0"]
[WhiteElo "2316"]
[BlackElo "2221"]
[PlyCount "101"]
[GameId "2160767910156667"]
[EventDate "2009.05.16"]
[EventType "swiss"]
[EventRounds "6"]
[EventCountry "CAN"]

1. d4 Nf6 2. c4 e6 3. g3 d5 4. Nf3 Be7 5. Bg2 O-O 6. O-O dxc4 7. Qc2 a6 8. a4 Nc6 9. Qxc4 Nb4 10. Bf4 Nfd5 11. Bd2 b5 12. Qc1 Bb7 13. Nc3 bxa4 14. Nxa4 a5 15. Nc5 Qc8 16. Nxb7 Qxb7 17. Qc4 c5 18. dxc5 Rfc8 19. Qe4 h6 20. g4 Rxc5 21. g5 hxg5 22. Nxg5 Bxg5 23. Bxg5 Nc6 24. Rfc1 Rb5 25. Ra3 Rb4 26. Rc4 Rxc4 27. Qxc4 Rb8 28. Rh3 Ne5 29. Qh4 f5 30. e4 Qxb2 31. exd5 Qa1+ 32. Bf1 Rb1 33. Qh8+ Kf7 34. Qh5+ Kf8 35. Qe2 exd5 36. Re3 a4 37. Rxe5 Rxf1+ 38. Kg2 Rg1+ 39. Kh3 Qf1+ 40. Qxf1 Rxf1 41. Rxf5+ Ke8 42. Rxd5 Rxf2 43. Kg3 Rc2 44. Ra5 Rc4 45. Ra7 Kf8 46. h4 g6 47. Bf4 Rd4 48. Kg4 Ke8 49. Kg5 Rc4 50. Be5 Rc5 51. Kf6 1-0

[Event "Ontario op"]
[Site "Ottawa CAN"]
[Date "2009.05.18"]
[Round "5"]
[White "Sadeghi, Saeid"]
[Black "Sambuev, Bator"]
[Result "0-1"]
[WhiteElo "2067"]
[BlackElo "2622"]
[PlyCount "40"]
[GameId "2160767910156668"]
[EventDate "2009.05.16"]
[EventType "swiss"]
[EventRounds "6"]
[EventCountry "CAN"]
[SourceTitle "EXT 2011"]
[Source "ChessBase"]
[SourceDate "2011.11.26"]
[SourceVersion "1"]
[SourceVersionDate "2011.11.26"]
[SourceQuality "1"]

1. d4 Nf6 2. c4 g6 3. Nc3 Bg7 4. e4 d6 5. f3 O-O 6. Bg5 c5 7. d5 h6 8. Be3 e6 9. Qd2 exd5 10. Nxd5 Nxd5 11. cxd5 f5 12. O-O-O g5 13. exf5 Bxf5 14. Bd3 Bxd3 15. Qxd3 Na6 16. Qd2 Qf6 17. h4 Nb4 18. hxg5 hxg5 19. Bxg5 Qf5 20. b3 Qe5 0-1

[Event "Ontario op"]
[Site "Ottawa CAN"]
[Date "2009.05.18"]
[Round "5"]
[White "Xiong, Jerry"]
[Black "Whissell, Mavros"]
[Result "1/2-1/2"]
[WhiteElo "2171"]
[BlackElo "2139"]
[PlyCount "53"]
[GameId "2160767910156670"]
[EventDate "2009.05.16"]
[EventType "swiss"]
[EventRounds "6"]
[EventCountry "CAN"]
[SourceTitle "EXT 2011"]
[Source "ChessBase"]
[SourceDate "2011.11.26"]
[SourceVersion "1"]
[SourceVersionDate "2011.11.26"]
[SourceQuality "1"]

1. e4 e5 2. Nf3 Nc6 3. Bc4 Nf6 4. d3 Be7 5. Nc3 d6 6. h3 Na5 7. Bb3 Nxb3 8. axb3 O-O 9. O-O c6 10. Re1 Qc7 11. Be3 b6 12. d4 Bb7 13. Qe2 Rfe8 14. Bg5 h6 15. Bh4 Nh5 16. dxe5 Nf4 17. Qc4 Bxh4 18. Nxh4 dxe5 19. Nf5 Ne6 20. Red1 Red8 21. Rxd8+ Qxd8 22. Rd1 Qc7 23. b4 Rd8 24. Qf1 Nd4 25. Qd3 Bc8 26. Ng3 Ne6 27. Qf1 1/2-1/2

[Event "Ontario op"]
[Site "Ottawa CAN"]
[Date "2009.05.18"]
[Round "6"]
[White "Filipovich, David"]
[Black "Gordon, David"]
[Result "1-0"]
[WhiteElo "2241"]
[BlackElo "2248"]
[PlyCount "77"]
[GameId "2160767910156671"]
[EventDate "2009.05.16"]
[EventType "swiss"]
[EventRounds "6"]
[EventCountry "CAN"]
[SourceTitle "EXT 2011"]
[Source "ChessBase"]
[SourceDate "2011.11.26"]
[SourceVersion "1"]
[SourceVersionDate "2011.11.26"]
[SourceQuality "1"]

1. Nf3 c5 2. g3 b6 3. Bg2 Bb7 4. O-O Nf6 5. c4 e6 6. Nc3 Be7 7. Re1 a6 8. e4 d6 9. d4 cxd4 10. Nxd4 Qc7 11. Be3 O-O 12. Rc1 Nbd7 13. f4 Rfe8 14. g4 Nc5 15. Bf2 d5 16. cxd5 Qxf4 17. b4 Nxg4 18. Bg3 Qxc1 19. Qxc1 Nd3 20. Qd1 Nxe1 21. Qxg4 Nxg2 22. Kxg2 Bxb4 23. Be5 g6 24. Qg5 exd5 25. Nxd5 Bxd5 26. exd5 Be7 27. Qh6 Bf8 28. Qf4 Bg7 29. Bxg7 Kxg7 30. Qc7 Re4 31. Ne6+ Kg8 32. Nd8 Rf4 33. Qxf4 Rxd8 34. Qe5 Rc8 35. d6 Rc2+ 36. Kf3 Rxa2 37. Qd4 Ra3+ 38. Ke2 Ra2+ 39. Kf1 1-0

[Event "Ontario op"]
[Site "Ottawa CAN"]
[Date "2009.05.18"]
[Round "6"]
[White "Gerzhoy, Leonid"]
[Black "Barron, Michael"]
[Result "1-0"]
[WhiteElo "2546"]
[BlackElo "2377"]
[PlyCount "125"]
[GameId "2160767910156672"]
[EventDate "2009.05.16"]
[EventType "swiss"]
[EventRounds "6"]
[EventCountry "CAN"]
[SourceTitle "EXT 2011"]
[Source "ChessBase"]
[SourceDate "2011.11.26"]
[SourceVersion "1"]
[SourceVersionDate "2011.11.26"]
[SourceQuality "1"]

1. d4 f5 2. Nc3 Nf6 3. Bg5 d5 4. Bxf6 exf6 5. e3 Be6 6. Qf3 c6 7. Bd3 g6 8. Nge2 Bd6 9. O-O-O Nd7 10. h3 Qe7 11. g4 fxg4 12. hxg4 O-O-O 13. Nf4 Nf8 14. Kb1 Rg8 15. Rhe1 Bf7 16. e4 Qc7 17. Nfe2 dxe4 18. Nxe4 Nd7 19. Nxf6 Nxf6 20. Qxf6 Rgf8 21. Qh4 Bg8 22. Nc1 Rf4 23. Re4 Rdf8 24. Rde1 Qd7 25. Rxf4 Rxf4 26. Re4 Rxe4 27. Bxe4 Be7 28. g5 Qd8 29. Bg2 Bxg5 30. Qg3 Be6 31. Nb3 Bh4 32. Qe3 Bf5 33. d5 cxd5 34. Qxa7 Qc7 35. Qa8+ Qb8 36. Qa4 Qh2 37. Bxd5 Qg1+ 38. Nc1 Qxf2 39. Qa8+ Kc7 40. Qxb7+ Kd6 41. Bb3 Qd4 42. Qb8+ Ke7 43. Qc7+ Bd7 44. c3 Qd6 45. Qc4 Bg5 46. Bc2 Qf4 47. Qxf4 Bxf4 48. Ne2 Be5 49. a4 Kf6 50. a5 Bb8 51. Be4 h5 52. Kc2 g5 53. Kd3 Ke5 54. Nd4 g4 55. Nc6+ Bxc6 56. Bxc6 h4 57. Bd7 Kf4 58. Ke2 h3 59. b4 Kg3 60. b5 Kh4 61. Kf1 Be5 62. a6 g3 63. Bc6 1-0

[Event "Ontario op"]
[Site "Ottawa CAN"]
[Date "2009.05.18"]
[Round "6"]
[White "Kirby, Patrick"]
[Black "Wight, Keith"]
[Result "1-0"]
[WhiteElo "2220"]
[BlackElo "2074"]
[PlyCount "71"]
[GameId "2160767910156673"]
[EventDate "2009.05.16"]
[EventType "swiss"]
[EventRounds "6"]
[EventCountry "CAN"]
[SourceTitle "EXT 2011"]
[Source "ChessBase"]
[SourceDate "2011.11.26"]
[SourceVersion "1"]
[SourceVersionDate "2011.11.26"]
[SourceQuality "1"]

1. d4 Nf6 2. c4 c5 3. d5 b5 4. cxb5 a6 5. bxa6 g6 6. Nc3 Bxa6 7. f4 d6 8. Nf3 Nbd7 9. e4 Bxf1 10. Rxf1 Qa5 11. Qe2 Bg7 12. Bd2 O-O 13. e5 dxe5 14. fxe5 Ng4 15. e6 Nde5 16. Nxe5 Nxe5 17. Bf4 f6 18. Bxe5 fxe5 19. Rxf8+ Rxf8 20. Qb5 Qa7 21. d6 exd6 22. Nd5 c4 23. O-O-O Qxa2 24. e7 Bh6+ 25. Kc2 Qb3+ 26. Qxb3 cxb3+ 27. Kxb3 Rb8+ 28. Kc4 Kf7 29. b4 Ke6 30. e8=Q+ Rxe8 31. Nc7+ Kd7 32. Nxe8 Kxe8 33. Rxd6 Ke7 34. Kd5 Bd2 35. b5 Bc3 36. Ra6 1-0

[Event "Ontario op"]
[Site "Ottawa CAN"]
[Date "2009.05.18"]
[Round "6"]
[White "Mallon, Christopher"]
[Black "Wilker, Marcus"]
[Result "0-1"]
[WhiteElo "1759"]
[BlackElo "1820"]
[PlyCount "70"]
[GameId "2160767910156674"]
[EventDate "2009.05.16"]
[EventType "swiss"]
[EventRounds "6"]
[EventCountry "CAN"]
[SourceTitle "EXT 2011"]
[Source "ChessBase"]
[SourceDate "2011.11.26"]
[SourceVersion "1"]
[SourceVersionDate "2011.11.26"]
[SourceQuality "1"]

1. e4 c6 2. d4 d5 3. e5 c5 4. c3 Nc6 5. Nf3 Bg4 6. Bb5 e6 7. O-O Nge7 8. h3 Bxf3 9. Qxf3 cxd4 10. cxd4 Qb6 11. Qd3 Nf5 12. Bxc6+ bxc6 13. Rd1 c5 14. dxc5 Bxc5 15. Rf1 Bd4 16. g4 Ne7 17. Nc3 Bxe5 18. Rb1 O-O 19. Ne2 Nc6 20. Be3 d4 21. Bf4 Bxf4 22. Nxf4 e5 23. Nh5 Nb4 24. Qf5 g6 25. Nf6+ Kg7 26. Nh5+ Kh8 27. Qxe5+ f6 28. Qe7 gxh5 29. Rbc1 Nd5 30. Qd7 Rad8 31. Qf5 hxg4 32. hxg4 Rg8 33. Rfd1 Rg5 34. Qe4 f5 35. Qe5+ Qf6 0-1

[Event "Ontario op"]
[Site "Ottawa CAN"]
[Date "2009.05.18"]
[Round "6"]
[White "Sambuev, Bator"]
[Black "Doubleday, William"]
[Result "1-0"]
[WhiteElo "2622"]
[BlackElo "2197"]
[PlyCount "81"]
[GameId "2160767910156676"]
[EventDate "2009.05.16"]
[EventType "swiss"]
[EventRounds "6"]
[EventCountry "CAN"]
[SourceTitle "EXT 2011"]
[Source "ChessBase"]
[SourceDate "2011.11.26"]
[SourceVersion "1"]
[SourceVersionDate "2011.11.26"]
[SourceQuality "1"]

1. e4 c5 2. Nf3 Nc6 3. Bb5 d6 4. O-O Bg4 5. h3 Bxf3 6. Qxf3 e6 7. c3 Nge7 8. d4 a6 9. Bxc6+ Nxc6 10. dxc5 dxc5 11. Rd1 Qf6 12. Qxf6 gxf6 13. Bf4 Be7 14. a4 O-O 15. Na3 Rfd8 16. Bc7 Rdc8 17. Bb6 Ne5 18. f4 Ng6 19. Rd7 Bd8 20. Nc4 Nf8 21. Rxb7 Bxb6 22. Rxb6 Rc7 23. Rd1 Nd7 24. Rbd6 Raa7 25. a5 Kf8 26. Nb6 Ke7 27. c4 Rab7 28. Rxd7+ Rxd7 29. Rxd7+ Rxd7 30. Nxd7 Kxd7 31. Kf2 Ke7 32. Kf3 Kf8 33. Kg4 Kg7 34. Kh5 h6 35. g4 Kh7 36. e5 f5 37. g5 hxg5 38. Kxg5 Kg7 39. b3 f6+ 40. exf6+ Kf7 41. h4 1-0

[Event "Ontario op"]
[Site "Ottawa CAN"]
[Date "2009.05.18"]
[Round "6"]
[White "Sapozhnikov, Roman"]
[Black "Sadeghi, Saeid"]
[Result "1-0"]
[WhiteElo "2356"]
[BlackElo "2067"]
[PlyCount "87"]
[GameId "2160767910156677"]
[EventDate "2009.05.16"]
[EventType "swiss"]
[EventRounds "6"]
[EventCountry "CAN"]
[SourceTitle "EXT 2011"]
[Source "ChessBase"]
[SourceDate "2011.11.26"]
[SourceVersion "1"]
[SourceVersionDate "2011.11.26"]
[SourceQuality "1"]

1. e4 e5 2. Nf3 Nc6 3. Bb5 a6 4. Ba4 Nf6 5. O-O b5 6. Bb3 Bc5 7. a4 Rb8 8. c3 Bb6 9. d4 O-O 10. dxe5 Ng4 11. axb5 axb5 12. Bf4 Qe8 13. Nd4 Ncxe5 14. h3 Nf6 15. Bc2 d6 16. Nd2 Bb7 17. Bg5 Ned7 18. Qe2 b4 19. f4 bxc3 20. bxc3 Ra8 21. Kh2 Qc8 22. Qf2 Re8 23. Rxa8 Qxa8 24. e5 Ne4 25. Nxe4 Bxe4 26. Bb3 Bd5 27. c4 Be4 28. exd6 cxd6 29. Qb2 Bxd4 30. Qxd4 Bxg2 31. Rf2 Bc6 32. Qd2 Nc5 33. Bc2 Ne4 34. Bxe4 Bxe4 35. Re2 f5 36. Re1 Qc6 37. Qc3 Rc8 38. Bh6 Qb7 39. Rg1 Rc7 40. Qf6 Bg2 41. Qd8+ Kf7 42. Rxg2 gxh6 43. Qg8+ Kf6 44. Qf8+ 1-0